000 00678nam a2200265Ia 4500
003 OSt
005 20220912152807.0
006 a|||||r|||| 00| 0
007 ta
008 220909b |||||||| |||| 00| 0 eng d
024 _a34309
037 _cTextual
040 _aCSL
_beng
_cCSL
041 _aeng
082 _aY1:5.1.N5, L1;1
100 _aKeyfitz Nathan
245 0 _aPopulation: facts and methods of demography
260 _c1971
300 _ap.
_ccm.
650 _a Sociology
650 _aSocial pathology
700 _a Flieger Wilhelm
942 _hY1:5.1.N5, L1;1
_cTEXL
_2CC
999 _c92141
_d92141